Normal view MARC view

Entry Personal Name

Number of records used in: 2

001 - CONTROL NUMBER

  • control field: 1232939

003 - CONTROL NUMBER IDENTIFIER

  • control field: OSt

005 - DATE AND TIME OF LATEST TRANSACTION

  • control field: 20260401122223.0

008 - FIXED-LENGTH DATA ELEMENTS

  • fixed length control field: 260401|| aca||aabn | a|a d

040 ## - CATALOGING SOURCE

  • Original cataloging agency: OSt
  • Transcribing agency: OSt

100 ## - HEADING--PERSONAL NAME

  • Personal name: Limbale, Sharankumar

670 ## - SOURCE DATA FOUND

  • Source citation: Work cat.: (OSt)1845750: Limbale, Sharankumar, Towards an Aesthetic of Dalit Literature: History, Controversies and Considerations
Copyright @ Delhi University Library System